000 00561nam a2200229Ia 4500
003 OSt
005 20220918193016.0
006 a|||||r|||| 00| 0
007 ta
008 220917b |||||||| |||| 00| 0 eng d
024 _a71,495
037 _cTextual
040 _aARTS
_cARTS
_beng
041 _2eng
_aeng
082 _aR4, J84
100 _aMontefiore Alan
_980843
245 0 _aModern introduction to moral philosophy
260 _c1958
650 _aETHICS
942 _hR4, J84
_cTEXL
_2CC
999 _c197568
_d197568